000 01136cam a22003371i 4500
001 200468094
003 TR-AnTOB
005 20260413174024.0
007 ta
008 260413s1964 nyuc 000 0beng d
010 _a 64016181
035 _a2167891
040 _aDLC
_beng
_erda
_cDLC
_dDLC
_dTR-AnTOB
041 0 _aeng
050 0 0 _aPS3545.H16
_bZ64 1964
090 _aPS3545.H16
_bZ64 1964 TıpFaK
100 1 _aCoolidge, Olivia E.
_eauthor
_9153625
245 1 0 _aEdith Wharton, 1862-1937 /
_cby Oliva Coolidge.
264 1 _aNew York :
_bScribner,
_c[1964]
264 4 _c©1964
300 _a221 pages :
_bport. ;
_c21 cm
336 _atext
_btxt
_2rdacontent
337 _aunmediated
_bn
_2rdamedia
338 _avolume
_bnc
_2rdacarrier
520 _aA biography of the novelist, a contemporary of Henry James, who wrote about New York society life in such noted works as The House of Mirth and The Age of Innocence.
600 1 0 _aWharton, Edith,
_d1862-1937.
_95413
650 0 0 _aNovelists, American
_y20th century
_vBiography
_9153151
942 _2lcc
_cBK
999 _c200468094
_d86306